| 000 | 00603nam a22001937a 4500 | ||
|---|---|---|---|
| 003 | OSt | ||
| 005 | 20250625083523.0 | ||
| 008 | 250625b |||||||| |||| 00| 0 eng d | ||
| 020 | _a978-971-23-6819-6 | ||
| 040 |
_aDWCL - Main lib _cOC |
||
| 082 | _aFil. 302.2 A166f 2014 | ||
| 100 | _aAbulencia, Efren | ||
| 245 |
_aFundamentals of business communication/ _cEfren Abulencia |
||
| 260 |
_aManila, Philippines: _b Rexbook store, _c c2014. |
||
| 300 |
_axii, 162 pages: _b illustrations; _c25cm. |
||
| 650 | _a1. Business communication | ||
| 650 | _a2. Communication | ||
| 942 |
_2ddc _cBK - FIL _kFil. _n0 |
||
| 999 |
_c3281 _d3281 |
||